[Event "ESP-chT CECLUB Div2"]
[Site "Linares"]
[Date "2016.08.16"]
[Round "1"]
[White "Collell Rodriguez, Victor"]
[Black "Perez Mauricio, Xoel"]
[Result "0-1"]
[WhiteElo "1860"]
[BlackElo "2232"]
[PlyCount "71"]
[EventDate "2016.08.16"]
[EventType "team"]
[EventRounds "6"]
[EventCountry "ESP"]
[SourceTitle "CBM 174 Extra"]
[Source "ChessBase"]
[SourceDate "2016.10.10"]
[SourceVersion "1"]
[SourceVersionDate "2016.10.10"]
[SourceQuality "1"]
[WhiteTeam "Peona I Peo"]
[BlackTeam "Circulo Ferrolano"]
[WhiteTeamCountry "ESP"]
[BlackTeamCountry "ESP"]

1. e4 d6 2. d4 Nf6 3. Nc3 g6 4. Nf3 Bg7 5. Bc4 Bg4 6. h3 Bxf3 7. Qxf3 Nc6 8. Be3 0-0 9. 0-0 e5 10. d5 Nd4 11. Qd1 c6 12. dxc6 bxc6 13. Bxd4 exd4 14. Qxd4 Nd5 15. Qd3 Nxc3 16. bxc3 Qe7 17. Rfd1 Rad8 18. Rab1 Rfe8 19. Re1 d5 20. exd5 Qxe1+ 21. Rxe1 Rxe1+ 22. Kh2 c5 23. Qf3 Be5+ 24. g3 Rd6 25. Kg2 Rf6 26. Qd3 Bd6 27. Bb3 Kg7 28. Qb5 h5 29. h4 Bf8 30. Bc4 Rd1 31. d6 Bxd6 32. Qb7 Rd2 33. Qxa7 Rfxf2+ 34. Kg1 Bxg3 35. Qxc5 f6 36. Bf1 0-1

[Event "ESP-chT CECLUB Div2"]
[Site "Linares"]
[Date "2014.08.19"]
[Round "2.1"]
[White "Antoli Royo, Joaquin Miguel"]
[Black "Perez Mauricio, Xoel"]
[Result "1-0"]
[WhiteElo "2428"]
[BlackElo "2226"]
[PlyCount "91"]
[EventDate "2014.08.18"]
[EventType "team-swiss"]
[EventRounds "6"]
[EventCountry "ESP"]
[SourceTitle "CBM 162 Extra"]
[Source "ChessBase"]
[SourceDate "2014.10.17"]
[SourceVersion "1"]
[SourceVersionDate "2014.10.17"]
[SourceQuality "1"]
[WhiteTeam "Jaime Casas"]
[BlackTeam "Ferrolano Circulo"]
[WhiteTeamCountry "ESP"]
[BlackTeamCountry "ESP"]

1. e4 d6 2. d4 Nf6 3. Nc3 e5 4. Nf3 Nbd7 5. Bc4 Be7 6. a4 0-0 7. 0-0 c6 8. a5 Rb8 9. Qe2 b5 10. axb6 axb6 11. b4 Bb7 12. Rd1 Qc7 13. d5 cxd5 14. exd5 Rfc8 15. Nd2 Ra8 16. Bb2 Rxa1 17. Rxa1 Ra8 18. Rxa8+ Bxa8 19. Bb3 Bb7 20. Qb5 Bd8 21. Nc4 h6 22. Ne3 g6 23. Qa4 Be7 24. Nb5 Qb8 25. Na7 Qa8 26. c4 h5 27. Nd1 Bf8 28. Nc3 Nb8 29. Ncb5 Na6 30. Nc6 Qc8 31. h3 Nd7 32. Bc1 Nab8 33. Nxb8 Qxb8 34. Be3 Be7 35. Na7 Qc7 36. Nc6 Bf6 37. Qa7 Kh7 38. Ba4 e4 39. Bb5 Qc8 40. Qa4 Qc7 41. Qc2 Ne5 42. Qxe4 Bc8 43. Qf4 Bf5 44. Nd4 Qc8 45. Nxf5 Qd8 46. Bc1 1-0

[Event "ESP-chT CECLUB Div2"]
[Site "Ciudad Real"]
[Date "2013.08.08"]
[Round "3.2"]
[White "Iagar, Razvan Gabriel"]
[Black "Perez Mauricio, Xoel"]
[Result "0-1"]
[WhiteElo "2205"]
[BlackElo "2200"]
[PlyCount "106"]
[EventDate "2013.08.07"]
[EventType "team-swiss"]
[EventRounds "6"]
[EventCountry "ESP"]
[SourceTitle "CBM 155 Extra"]
[Source "ChessBase"]
[SourceDate "2013.08.26"]
[SourceVersion "1"]
[SourceVersionDate "2013.08.26"]
[SourceQuality "1"]
[WhiteTeam "Mislata"]
[BlackTeam "Galicia"]
[WhiteTeamCountry "ESP"]
[BlackTeamCountry "ESP"]

1. Nf3 d6 2. d4 Nf6 3. c4 g6 4. Nc3 Bg7 5. e4 Nbd7 6. h3 e5 7. d5 Nc5 8. Qc2 a5 9. Bg5 h5 10. Be2 Bd7 11. Nd2 Bh6 12. Bxh6 Rxh6 13. Nb3 b6 14. Nxc5 bxc5 15. Nb5 Kf8 16. 0-0-0 Bxb5 17. cxb5 Nd7 18. Qd2 Kg7 19. a4 Qf6 20. Qe3 Qf4 21. Kd2 h4 22. Bg4 Nb6 23. b3 Qxe3+ 24. Kxe3 Rf8 25. Ra1 f5 26. Bf3 Rh7 27. Rhc1 Kh6 28. Ra2 Rff7 29. Rcc2 Nd7 30. Ra1 Nf6 31. Rc4 Kg5 32. Ra2 Rh8 33. Rd2 Rhf8 34. Ra2 fxe4 35. Bxe4 Nxe4 36. Rxe4 Rf4 37. f3 Rxe4+ 38. fxe4 Rf1 39. Rb2 Re1+ 40. Kf3 Rc1 41. Re2 c4 42. bxc4 Rxc4 43. Re3 Rxa4 44. Rc3 Rb4 45. Rxc7 Rb3+ 46. Ke2 Kf4 47. Rc6 Kxe4 48. Rxd6 Rb2+ 49. Kd1 Kd3 50. Ke1 e4 51. Rc6 Rb1+ 52. Kf2 e3+ 53. Kf3 e2 0-1

[Event "ESP-chT CECLUB Div2 Gp1"]
[Site "Padron"]
[Date "2011.08.14"]
[Round "6"]
[White "Cenal Gutierrez, Ruben"]
[Black "Perez Mauricio, Xoel"]
[Result "1-0"]
[WhiteElo "2276"]
[BlackElo "2285"]
[PlyCount "103"]
[EventDate "2011.08.10"]
[EventType "team-swiss"]
[EventRounds "6"]
[EventCountry "ESP"]
[SourceTitle "CBM 143 Extra"]
[Source "ChessBase"]
[SourceDate "2011.08.29"]
[SourceVersion "1"]
[SourceVersionDate "2011.08.29"]
[SourceQuality "1"]
[WhiteTeam "Cultura Covadonga"]
[BlackTeam "Ferrolano de Ajedrez"]
[WhiteTeamCountry "ESP"]
[BlackTeamCountry "ESP"]

1. e4 d6 2. d4 Nf6 3. Nc3 e5 4. dxe5 dxe5 5. Qxd8+ Kxd8 6. Bc4 Ke8 7. f3 c6 8. a4 a5 9. Be3 Nbd7 10. Nge2 Bc5 11. Nd1 Bxe3 12. Nxe3 Nb6 13. Bb3 Ke7 14. Nc1 Be6 15. Bxe6 Kxe6 16. Nd3 Nfd7 17. 0-0-0 g6 18. b3 Nc8 19. Rd2 b5 20. Nb2 Ra7 21. Rhd1 Ndb6 22. axb5 cxb5 23. Nd5 Rb7 24. Nc3 b4 25. Nca4 Kf6 26. Nc5 Re7 27. Rd6+ Kg7 28. Rc6 Ra7 29. Nba4 Nxa4 30. Nxa4 Ne7 31. Rc5 f6 32. Rd6 Rb8 33. Kd2 Rbb7 34. Kd3 Rc7 35. Kc4 Kf7 36. Kb5 Rcb7+ 37. Nb6 Ra8 38. Ka4 Ra6 39. Nc4 Ra8 40. Rxa5 Rxa5+ 41. Kxa5 Rc7 42. Kxb4 Nc6+ 43. Ka3 Ke7 44. Rd5 Nd4 45. c3 Ne2 46. Kb2 Nf4 47. Rd2 h5 48. Ne3 Rc6 49. Nd5+ Ke6 50. b4 Rc8 51. Kb3 f5 52. exf5+ 1-0

[Event "ESP-ch Universities"]
[Site "Madrid"]
[Date "2008.05.09"]
[Round "5"]
[White "Deruelle Sala, Albert"]
[Black "Perez Mauricio, Xoel"]
[Result "0-1"]
[WhiteElo "2103"]
[BlackElo "2168"]
[PlyCount "96"]
[EventDate "2008.05.08"]
[EventType "swiss"]
[EventRounds "9"]
[EventCountry "ESP"]
[SourceTitle "CBM 124 Extra"]
[Source "ChessBase"]
[SourceDate "2008.07.03"]
[SourceVersion "1"]
[SourceVersionDate "2008.07.03"]
[SourceQuality "1"]

1. d4 d6 2. c4 e5 3. dxe5 dxe5 4. Qxd8+ Kxd8 5. Nf3 f6 6. Nc3 c6 7. e4 Be6 8. Be3 Nd7 9. Be2 Kc7 10. 0-0 Nh6 11. h3 g6 12. Nd2 Nf7 13. f4 exf4 14. Bxf4+ Nfe5 15. Bh2 Bh6 16. Nf3 Rad8 17. Nxe5 fxe5 18. b4 Be3+ 19. Kh1 Bd4 20. Rac1 Rhf8 21. b5 Rxf1+ 22. Bxf1 Rf8 23. bxc6 bxc6 24. Nd5+ Kd6 25. Nb4 a5 26. Nc2 Bc5 27. Rd1+ Kc7 28. Bg3 Bf2 29. Bh2 Rb8 30. Nd4 Bxd4 31. Rxd4 Rb1 32. Kg1 Kb6 33. c5+ Kxc5 34. Ra4 Kb6 35. Kf2 Rb2+ 36. Ke1 Rxa2 37. Bg1+ c5 38. Rxa2 Bxa2 39. Bd3 Kc6 40. Kd2 c4 41. Bc2 Bb3 42. Bxb3 cxb3 43. Kc3 a4 44. Be3 Kb5 45. Bc1 Nc5 46. Ba3 Nxe4+ 47. Kd3 Nc5+ 48. Ke3 Kc4 0-1

[Event "ESP-ch Universities"]
[Site "Madrid"]
[Date "2008.05.08"]
[Round "3"]
[White "Perez Mauricio, Xoel"]
[Black "Pousada Garcia, Daniel"]
[Result "1-0"]
[WhiteElo "2168"]
[BlackElo "1986"]
[PlyCount "63"]
[EventDate "2008.05.08"]
[EventType "swiss"]
[EventRounds "9"]
[EventCountry "ESP"]
[SourceTitle "CBM 124 Extra"]
[Source "ChessBase"]
[SourceDate "2008.07.03"]
[SourceVersion "1"]
[SourceVersionDate "2008.07.03"]
[SourceQuality "1"]

1. Nf3 Nf6 2. c4 g6 3. Nc3 Bg7 4. e4 d6 5. d4 0-0 6. h3 Nc6 7. d5 Nb8 8. Bg5 c6 9. Be2 cxd5 10. cxd5 b6 11. 0-0 Ba6 12. Rc1 Bxe2 13. Qxe2 Nbd7 14. Nd4 h6 15. Nc6 Qe8 16. Nb5 Nc5 17. Bxf6 Bxf6 18. Nc7 Qd7 19. Nxa8 Rxa8 20. b4 Na4 21. Qa6 b5 22. Qxb5 Nc3 23. Qc4 Na4 24. Qb3 Nb6 25. a4 Re8 26. a5 Na8 27. Qe3 Bg5 28. Qxa7 Qxa7 29. Nxa7 Bxc1 30. Rxc1 Rb8 31. Rc8+ Rxc8 32. Nxc8 1-0

[Event "Burgas op 16th"]
[Site "Ourense"]
[Date "2007.07.13"]
[Round "9.7"]
[White "Reis, Luis Sousa"]
[Black "Perez Mauricio, Xoel"]
[Result "1/2-1/2"]
[WhiteElo "2215"]
[BlackElo "2155"]
[PlyCount "99"]
[EventDate "2007.07.05"]
[EventType "swiss"]
[EventRounds "9"]
[EventCountry "ESP"]
[SourceTitle "EXT 2008"]
[Source "ChessBase"]
[SourceDate "2007.11.25"]
[SourceVersion "1"]
[SourceVersionDate "2007.11.25"]
[SourceQuality "1"]

1. d4 d6 2. f4 f5 3. c4 Nf6 4. Nc3 g6 5. Nf3 Bg7 6. Qc2 0-0 7. Be3 c6 8. g3 Nbd7 9. Rd1 Qc7 10. Ng5 Nb6 11. Qd3 h6 12. Nf3 Be6 13. b3 Ne4 14. Bg2 Nd7 15. 0-0 Nxc3 16. Qxc3 Bf7 17. Bc1 c5 18. Bb2 a6 19. Qd2 b5 20. d5 Bxb2 21. Qxb2 bxc4 22. bxc4 Rab8 23. Qc2 Nf6 24. Nd2 e6 25. e4 Qc8 26. Qc3 Be8 27. e5 dxe5 28. fxe5 Nh7 29. Nf3 Bd7 30. Rb1 Qc7 31. d6 Qa7 32. Nd2 Ng5 33. Qe3 Nf7 34. h3 Rfc8 35. Kh2 a5 36. g4 Rxb1 37. Rxb1 Rb8 38. Rxb8+ Qxb8 39. Qxc5 Qb2 40. Nf3 fxg4 41. hxg4 Qxa2 42. Qc7 Qa4 43. Nh4 Nxe5 44. Qd8+ Kg7 45. Qe7+ Kg8 46. Kg3 Qxc4 47. Qd8+ Kg7 48. Qe7+ Kg8 49. Qd8+ Kg7 50. Qe7+ 1/2-1/2

[Event "Burgas op 16th"]
[Site "Ourense"]
[Date "2007.07.09"]
[Round "5.9"]
[White "Pena Gomez, Manuel"]
[Black "Perez Mauricio, Xoel"]
[Result "1-0"]
[WhiteElo "2324"]
[BlackElo "2155"]
[PlyCount "195"]
[EventDate "2007.07.05"]
[EventType "swiss"]
[EventRounds "9"]
[EventCountry "ESP"]
[SourceTitle "EXT 2008"]
[Source "ChessBase"]
[SourceDate "2007.11.25"]
[SourceVersion "1"]
[SourceVersionDate "2007.11.25"]
[SourceQuality "1"]

1. c4 Nf6 2. Nc3 c5 3. Nf3 e6 4. g3 b6 5. Bg2 Bb7 6. 0-0 Be7 7. b3 0-0 8. Bb2 a6 9. Qc2 Qc7 10. Rfd1 d6 11. Rac1 Nbd7 12. d4 cxd4 13. Rxd4 Rfd8 14. Rh4 Nf8 15. Rd1 Ng6 16. Rhd4 d5 17. cxd5 Rxd5 18. Rc4 Rc5 19. Rxc5 Bxc5 20. Rc1 Rc8 21. Qd2 b5 22. Qe1 Qb6 23. Nd1 Ne4 24. b4 Be7 25. Rxc8+ Bxc8 26. Nd4 Bb7 27. Nb3 Nd6 28. Qc3 f6 29. Bxb7 Nxb7 30. Qc8+ Nd8 31. Nc5 a5 32. a3 axb4 33. axb4 Qc6 34. Qxc6 Nxc6 35. Nxe6 Bxb4 36. Nc7 Nge5 37. Nxb5 Nc4 38. Bc1 Bd2 39. Bxd2 Nxd2 40. Nd6 g6 41. Nc3 Ne7 42. f3 Nb3 43. Kf2 Nd4 44. e4 f5 45. e5 g5 46. Ke3 Ne6 47. g4 fxg4 48. fxg4 Kg7 49. Nf5+ Kf7 50. Ne4 Nd5+ 51. Kf3 Kg6 52. Ned6 Ndf4 53. Ne7+ Kg7 54. Ke4 h5 55. gxh5 Nxh5 56. Kf5 Nhf4 57. Ne4 Kf7 58. Nc8 Nd3 59. Ned6+ Kg7 60. Kxe6 Kg6 61. Ne7+ Kh5 62. Kf5 Nxe5 63. Kxe5 Kh4 64. Nef5+ Kh3 65. Ne3 Kxh2 66. Ne4 g4 67. Nf1+ Kg2 68. Neg3 Kf3 69. Kd4 Kf4 70. Kd3 Ke5 71. Ke3 Kd5 72. Nd2 Ke5 73. Nc4+ Kd5 74. Kd3 Kc5 75. Ne3 Kd6 76. Kc4 Ke5 77. Nd5 Kd6 78. Kd4 Ke6 79. Ne3 Kd6 80. Nef5+ Kc6 81. Kc4 Kd7 82. Kd5 Kc7 83. Nd4 Kd7 84. Ne6 Ke7 85. Nc5 Kf6 86. Ke4 Kf7 87. Kf5 Ke7 88. Ke5 Kf7 89. Kd6 Kf6 90. Nce4+ Kf7 91. Kd7 Kf8 92. Nd6 Kg7 93. Ke7 Kg8 94. Nde4 Kg7 95. Ke8 Kg6 96. Kf8 Kh6 97. Kf7 Kh7 98. Nf5 1-0

[Event "Burgas op 16th"]
[Site "Ourense"]
[Date "2007.07.07"]
[Round "3.17"]
[White "Ramon Losada, David"]
[Black "Perez Mauricio, Xoel"]
[Result "0-1"]
[WhiteElo "1869"]
[BlackElo "2155"]
[PlyCount "63"]
[EventDate "2007.07.05"]
[EventType "swiss"]
[EventRounds "9"]
[EventCountry "ESP"]
[SourceTitle "EXT 2008"]
[Source "ChessBase"]
[SourceDate "2007.11.25"]
[SourceVersion "1"]
[SourceVersionDate "2007.11.25"]
[SourceQuality "1"]

1. e4 c5 2. Nf3 Nc6 3. d4 cxd4 4. Nxd4 Nf6 5. Nc3 e5 6. Ndb5 d6 7. Bg5 a6 8. Na3 b5 9. Bxf6 gxf6 10. Nd5 f5 11. Bd3 Be6 12. Qh5 f4 13. c3 Rg8 14. g3 Rg6 15. Qe2 Bh6 16. Nc2 Kf8 17. Kd1 Ra7 18. Ne1 Ne7 19. f3 Bxd5 20. exd5 Rg7 21. c4 bxc4 22. Bxc4 Nf5 23. Nc2 fxg3 24. Bd3 g2 25. Rg1 Nh4 26. Ne3 Qb6 27. Kd2 Qb4+ 28. Kd1 Qd4 29. Kd2 Qf4 30. Be4 f5 31. Bc2 Nxf3+ 32. Kd1 0-1

[Event "Burgas op 15th"]
[Site "Ourense"]
[Date "2006.??.??"]
[Round "7"]
[White "Guerrero Olmos, Sergio"]
[Black "Perez Mauricio, Xoel"]
[Result "1-0"]
[WhiteElo "2334"]
[BlackElo "2118"]
[PlyCount "85"]
[EventDate "2006.07.04"]
[EventType "swiss"]
[EventRounds "9"]
[EventCountry "ESP"]
[SourceTitle "CBM 113 Extra"]
[Source "ChessBase"]
[SourceDate "2006.09.14"]
[SourceVersion "1"]
[SourceVersionDate "2006.09.14"]
[SourceQuality "1"]

1. d4 d6 2. Nf3 Nf6 3. Bf4 b6 4. e3 Bb7 5. Be2 c5 6. c3 g6 7. h3 Bg7 8. 0-0 0-0 9. Nbd2 Nbd7 10. Bh2 Rc8 11. a4 a6 12. Qb3 Qc7 13. Rfe1 Qb8 14. Qa3 Qa8 15. Bf1 Rfe8 16. Rad1 h6 17. Qb3 Bc6 18. Nh4 Bd5 19. Qc2 cxd4 20. exd4 Qb7 21. Qd3 Nb8 22. Re3 Kh8 23. Rde1 Qd7 24. b3 e6 25. c4 Bc6 26. Nxg6+ fxg6 27. Qxg6 e5 28. d5 Bb7 29. Bd3 Qe7 30. f4 Nbd7 31. Nf3 Nf8 32. Qf5 e4 33. Bxe4 Qd7 34. Nh4 Nxe4 35. Rxe4 Rxe4 36. Rxe4 Qd8 37. Bg3 Rc7 38. Ng6+ Nxg6 39. Qxg6 Rc8 40. Qf7 Ba8 41. f5 Qf8 42. Qe6 Rd8 43. Bh4 1-0

[Event "Burgas op 15th"]
[Site "Ourense"]
[Date "2006.??.??"]
[Round "9"]
[White "Hernandez Estevez, Yudania"]
[Black "Perez Mauricio, Xoel"]
[Result "1/2-1/2"]
[WhiteElo "2273"]
[BlackElo "2118"]
[PlyCount "150"]
[EventDate "2006.07.04"]
[EventType "swiss"]
[EventRounds "9"]
[EventCountry "ESP"]
[SourceTitle "CBM 113 Extra"]
[Source "ChessBase"]
[SourceDate "2006.09.14"]
[SourceVersion "1"]
[SourceVersionDate "2006.09.14"]
[SourceQuality "1"]

1. e4 d6 2. d4 Nf6 3. Nc3 e5 4. Nf3 Nbd7 5. Bc4 Be7 6. 0-0 0-0 7. Re1 c6 8. a4 Qc7 9. Ba2 b6 10. Qe2 Bb7 11. Qc4 Qb8 12. dxe5 Nxe5 13. Nxe5 dxe5 14. Bg5 a6 15. Bxf6 Bxf6 16. Rad1 Qe8 17. Qb4 b5 18. Qc5 Rd8 19. Bb3 Qe7 20. Qb6 Rxd1 21. Rxd1 Rc8 22. Na2 Qc7 23. Qxc7 Rxc7 24. c4 Kf8 25. cxb5 axb5 26. axb5 cxb5 27. Nc3 Bc6 28. g3 Bg5 29. h4 Bh6 30. Nd5 Rc8 31. Kg2 Rd8 32. Ra1 Ra8 33. Rd1 Rd8 34. Kf1 g6 35. Ke2 f5 36. f3 fxe4 37. fxe4 Kg7 38. g4 g5 39. h5 Kf8 40. Rf1+ Kg7 41. Rc1 Rd6 42. Ke3 Kf8 43. Rf1+ Ke8 44. Nf6+ Kd8 45. Nxh7 Rd4 46. Nf6 Bf8 47. Rc1 Bb7 48. Bd5 Bc8 49. Rh1 Bc5 50. Ke2 Be7 51. Rf1 Bxf6 52. Rxf6 Bxg4+ 53. Ke3 Bxh5 54. Rf5 Rb4 55. b3 Bd1 56. Kd2 Rd4+ 57. Ke3 Rb4 58. Rf1 Bh5 59. Rh1 Be8 60. Rg1 Kc7 61. Rxg5 Kd6 62. Rg8 Bd7 63. Rg6+ Kc7 64. Rg7 Kd6 65. Rh7 Rd4 66. Rh6+ Kc5 67. Ra6 Bg4 68. Rc6+ Kb4 69. Rg6 Bd1 70. Rg1 Bc2 71. Rg5 Rd3+ 72. Ke2 Rh3 73. Rxe5 Bxb3 74. Bxb3 Rxb3 75. Re8 Kc5 1/2-1/2

[Event "Burgas op 15th"]
[Site "Ourense"]
[Date "2006.??.??"]
[Round "3"]
[White "Lopez Garrido, Daniel"]
[Black "Perez Mauricio, Xoel"]
[Result "0-1"]
[WhiteElo "1843"]
[BlackElo "2118"]
[PlyCount "66"]
[EventDate "2006.07.04"]
[EventType "swiss"]
[EventRounds "9"]
[EventCountry "ESP"]
[SourceTitle "CBM 113 Extra"]
[Source "ChessBase"]
[SourceDate "2006.09.14"]
[SourceVersion "1"]
[SourceVersionDate "2006.09.14"]
[SourceQuality "1"]

1. e4 d6 2. d4 Nf6 3. Nc3 e5 4. dxe5 dxe5 5. Qxd8+ Kxd8 6. Bc4 Be6 7. Bxe6 fxe6 8. Nf3 Bd6 9. Bg5 Ke7 10. 0-0-0 Nbd7 11. Nd2 a6 12. Nc4 h6 13. Bh4 g5 14. Bg3 b5 15. Nd2 Nh5 16. f3 Nf4 17. Bxf4 exf4 18. h4 Ne5 19. Ne2 Bc5 20. Nb3 Be3+ 21. Kb1 Bf2 22. hxg5 hxg5 23. Ned4 c5 24. Ne2 Rad8 25. Rxh8 Rxh8 26. Nec1 Rh2 27. Nd3 Nxd3 28. cxd3 Rxg2 29. e5 Bd4 30. Nxd4 cxd4 31. Rh1 Kf7 32. Rh7+ Kg6 33. Ra7 g4 0-1

[Event "Burgas op 15th"]
[Site "Ourense"]
[Date "2006.??.??"]
[Round "8"]
[White "Perez Mauricio, Xoel"]
[Black "Pereira, Antonio Pedro Dias"]
[Result "1-0"]
[WhiteElo "2118"]
[BlackElo "1999"]
[PlyCount "42"]
[EventDate "2006.07.04"]
[EventType "swiss"]
[EventRounds "9"]
[EventCountry "ESP"]
[SourceTitle "CBM 113 Extra"]
[Source "ChessBase"]
[SourceDate "2006.09.14"]
[SourceVersion "1"]
[SourceVersionDate "2006.09.14"]
[SourceQuality "1"]

1. Nf3 c5 2. c4 Nf6 3. g3 b6 4. Bg2 Bb7 5. 0-0 e6 6. Nc3 Be7 7. Re1 0-0 8. e4 d6 9. d4 cxd4 10. Nxd4 Qc8 11. b3 Rd8 12. Ba3 a6 13. Rc1 Qc7 14. Bh3 Nc6 15. Nd5 exd5 16. cxd5 g6 17. Nxc6 Bxc6 18. Rxc6 Qb7 19. Qd4 b5 20. Bb2 Qa7 21. Qc3 Rab8 1-0

[Event "Poio op 3rd"]
[Site "Poio"]
[Date "2003.09.02"]
[Round "3.9"]
[White "Perez Mauricio, Xoel"]
[Black "Pena Torres, Jose Carlos"]
[Result "1-0"]
[WhiteElo "2048"]
[BlackElo "2127"]
[PlyCount "77"]
[EventDate "2003.08.31"]
[EventType "swiss"]
[EventRounds "9"]
[EventCountry "ESP"]
[SourceTitle "EXT 2004"]
[Source "ChessBase"]
[SourceDate "2003.11.25"]
[SourceVersion "1"]
[SourceVersionDate "2003.11.25"]
[SourceQuality "1"]

1. d4 Nf6 2. c4 e6 3. Nc3 Bb4 4. e3 0-0 5. Bd3 c5 6. Nge2 d5 7. 0-0 cxd4 8. exd4 b6 9. cxd5 Nxd5 10. Qc2 h6 11. Nxd5 exd5 12. Qb3 Bd6 13. Bf4 Bb7 14. Rac1 Bxf4 15. Nxf4 Qd6 16. g3 Nd7 17. Bb1 Rfc8 18. Rc2 Rxc2 19. Qxc2 Nf8 20. Qa4 Bc6 21. Qb3 Bb7 22. Rc1 Rd8 23. a3 g6 24. h4 Kg7 25. Qd3 Rd7 26. Ba2 Nh7 27. Kg2 Nf8 28. Re1 Rc7 29. Qf3 Rd7 30. Re3 f6 31. Re1 Nh7 32. Re6 Qf8 33. Bb1 g5 34. Qh5 Qf7 35. Bg6 Qg8 36. Re8 Nf8 37. Ne6+ Qxe6 38. Rxe6 Nxe6 39. Bf5 1-0

[Event "Ferrol op 18th"]
[Site "Ferrol"]
[Date "2002.07.25"]
[Round "9"]
[White "Bodelon Rodriguez, Tomas"]
[Black "Perez Mauricio, Xoel"]
[Result "1-0"]
[WhiteElo "2182"]
[BlackElo "2084"]
[PlyCount "63"]
[EventDate "2002.07.17"]
[EventType "swiss"]
[EventRounds "9"]
[EventCountry "ESP"]
[SourceTitle "CBM 089 Extra"]
[Source "ChessBase"]
[SourceDate "2002.09.10"]
[SourceVersion "2"]
[SourceVersionDate "2002.09.10"]
[SourceQuality "1"]

1. d4 Nf6 2. c4 g6 3. Nc3 Bg7 4. e4 d6 5. Be2 0-0 6. Bg5 c5 7. d5 e6 8. Nf3 exd5 9. cxd5 Re8 10. Nd2 a6 11. a4 Qc7 12. 0-0 Nbd7 13. f4 Rb8 14. Ra3 h6 15. Bh4 Nh7 16. Qc2 g5 17. Bg3 gxf4 18. Bxf4 Ne5 19. Nd1 Nf8 20. Ne3 Nfg6 21. Bg3 Kh7 22. Nf5 Bf8 23. h4 Ne7 24. Bxe5 Nxf5 25. Bf6 Bg7 26. Bxg7 Nxg7 27. e5+ Kh8 28. e6 f5 29. Rg3 Qe7 30. Qc3 Rf8 31. Rg6 Kh7 32. h5 1-0

[Event "Burgas op 11th"]
[Site "Orense"]
[Date "2002.07.08"]
[Round "3.25"]
[White "Alves, Hugo"]
[Black "Perez Mauricio, Xoel"]
[Result "0-1"]
[WhiteElo "2027"]
[BlackElo "2084"]
[PlyCount "84"]
[EventDate "2002.07.06"]
[EventType "swiss"]
[EventRounds "9"]
[EventCountry "ESP"]
[SourceTitle "CBM 089 Extra"]
[Source "ChessBase"]
[SourceDate "2002.09.10"]
[SourceVersion "2"]
[SourceVersionDate "2002.09.10"]
[SourceQuality "1"]

1. e4 c5 2. Nf3 Nc6 3. d4 cxd4 4. Nxd4 Nf6 5. Nc3 e5 6. Nb3 Bb4 7. Bg5 h6 8. Bxf6 Qxf6 9. Qd3 Qg6 10. Nd2 0-0 11. g3 d6 12. Bg2 Kh8 13. 0-0 f5 14. Kh1 f4 15. gxf4 Rxf4 16. Nd5 Bxd2 17. Qxd2 Rh4 18. f4 Qg3 19. Bf3 Nd4 20. Qg2 Qxg2+ 21. Bxg2 Ne2 22. Rf2 Nxf4 23. Nxf4 Rxf4 24. Rxf4 exf4 25. Rd1 Bg4 26. Rxd6 Re8 27. Rd3 Rf8 28. Bf3 Bc8 29. Kg2 g5 30. h3 Kg7 31. Rd5 Be6 32. Ra5 Rc8 33. c3 Rd8 34. Bg4 Bxg4 35. hxg4 Rd2+ 36. Kf3 a6 37. Rd5 Rxb2 38. Rd7+ Kf6 39. Rd6+ Kg7 40. Rd7+ Kf6 41. Rd6+ Ke5 42. Rxh6 Rc2 0-1